| 000 -LEADER |
| fixed length control field |
00357nam a2200133Ia 4500 |
| 008 - FIXED-LENGTH DATA ELEMENTS--GENERAL INFORMATION |
| fixed length control field |
201214s9999 xx 000 0 und d |
| 100 ## - MAIN ENTRY--PERSONAL NAME |
| Personal name |
Alexander Hamilton Institute |
| 245 #0 - TITLE STATEMENT |
| Title |
How to Plan & Manage : An Effective Wage & Salary Program |
| 260 ## - PUBLICATION, DISTRIBUTION, ETC. |
| Place of publication, distribution, etc. |
New York |
|
| Name of publisher, distributor, etc. |
Alexander Hamilton Institute v |
|
| Date of publication, distribution, etc. |
1979 |
| 300 ## - PHYSICAL DESCRIPTION |
| Extent |
159 |
| 942 ## - ADDED ENTRY ELEMENTS (KOHA) |
| Koha item type |
Books |